UM Logo

Human Resource Management/ (Record no. 278)

MARC details
000 -LEADER
fixed length control field 00651nam a22002177a 4500
003 - CONTROL NUMBER IDENTIFIER
control field OSt
005 - DATE AND TIME OF LATEST TRANSACTION
control field 20241011085803.0
008 - FIXED-LENGTH DATA ELEMENTS--GENERAL INFORMATION
fixed length control field 151127b xxu||||| |||| 00| 0 eng d
020 ## - INTERNATIONAL STANDARD BOOK NUMBER
International Standard Book Number 9789712362620
082 ## - DEWEY DECIMAL CLASSIFICATION NUMBER
Classification number DFil 658.3
Item number C81
100 ## - MAIN ENTRY--PERSONAL NAME
9 (RLIN) 625
Personal name Corpuz, Crispina R.
245 ## - TITLE STATEMENT
Title Human Resource Management/
Statement of responsibility, etc. Crispina R. Corpuz
250 ## - EDITION STATEMENT
Edition statement Third Edition
260 ## - PUBLICATION, DISTRIBUTION, ETC. (IMPRINT)
Place of publication, distribution, etc. Sampaloc, Manila:
Name of publisher, distributor, etc. Rex Book Store, Inc.,
Date of publication, distribution, etc. c2013
300 ## - PHYSICAL DESCRIPTION
Extent xii, 294 pages;
Dimensions 25 cm
500 ## - GENERAL NOTE
General note Includes References, Webliography and Index
650 #0 - SUBJECT ADDED ENTRY--TOPICAL TERM
9 (RLIN) 641
Topical term or geographic name as entry element Human Resource Management
650 #0 - SUBJECT ADDED ENTRY--TOPICAL TERM
9 (RLIN) 642
Topical term or geographic name as entry element Personnel Management
365 ## - TRADE PRICE
Price amount 462.00
Currency code Php
942 ## - ADDED ENTRY ELEMENTS (KOHA)
Source of classification or shelving scheme Dewey Decimal Classification
Koha item type Filipiniana
Holdings
Withdrawn status Lost status Source of classification or shelving scheme Damaged status Not for loan Collection code Home library Current library Shelving location Date acquired Source of acquisition Total Checkouts Full call number Barcode Date last seen Date last checked out Copy number Price effective from Koha item type
    Dewey Decimal Classification     Filipiniana UM Digos College - LIC UM Digos College - LIC Book Cart 08/28/2015 Purchased 9 DFil 658.3 C81 2013 23667 08/23/2025 08/20/2025 1 11/27/2015 Filipiniana
    Dewey Decimal Classification     Filipiniana UM Digos College - LIC UM Digos College - LIC Book Cart 08/28/2015   5 DFil 658.3 C81 2013 23668 09/05/2023 09/02/2023 2 11/27/2015 Filipiniana